Határon átnyúló együttműködések- különös tekintettel Magyarország délkeleti határrégiójára

Elmentve itt :
Bibliográfiai részletek
Szerző: Juhász Nóra
További közreműködők: Fejes Zsuzsanna (Témavezető)
Dokumentumtípus: Szakdolgozat
Megjelent: 2011
Tárgyszavak:
Online Access:http://diploma.bibl.u-szeged.hu/129752
LEADER 00804nta a2200193 i 4500
001 dipl129752
005 20220916102052.0
008 220916s2011 hu om 0|| zxx d
040 |a SZTE Diploma Repozitórium  |b hun 
041 |a zxx 
100 1 |a Juhász Nóra 
245 1 0 |a Határon átnyúló együttműködések- különös tekintettel Magyarország délkeleti határrégiójára  |h [elektronikus dokumentum] /  |c Nóra Juhász 
246 1 0 |a Cross-border co-operations- focusing on the southeast border region of Hungary  |h [elektronikus dokumentum] 
260 |c 2011 
650 4 |a Jogi és igazgatási tanulmányok 
650 4 |a Social sciences 
650 4 |a Political science 
700 1 |a Fejes Zsuzsanna  |e ths 
856 4 0 |u https://diploma.bibl.u-szeged.hu/id/eprint/129752/1/2011_juhasz_nora.pdf  |z Dokumentum-elérés